00583nam a2200157 a 450000100100000000500170001000800410002704000250006810000420009324500980013526000410023330000200027404900090029495201050030399900170040800002694520200930030514.0110328s1959 dr 000 0 spa d aDO-SdBNPbspacBNPHU1 aHernández P., Estela Antonia95404013aLa Quimera de Alahuaca y Trujillo en alas de mi pensamiento. /cEstela Antonia Hernández P. aSanto Domingo, :bDel caribe,c1959. a32 p. ;c22 cm. aBNPD 0010718PDaPDbPDcCTd2011-03-28iLF1l0o p26945-10r2020-06-25w2020-06-25yLFPDZNo se presta c26437d26437